Ecce homo Šternberk : stoletá historie 1905-2005 /

Hlavní autor: Gomola, Miroslav
Jazyk: Čeština
Vydáno: V Brně : AGM CZ, 2005
Témata:
Externí odkaz: Digitalizovaný dokument
Fyzický popis: 286 s. : il. (některé barev.), portréty, faksim. ; 31 cm
Language note: Anglické a německé resumé
Knihy
Uloženo v:
LEADER 01606nam a2200421 a 4500
001 000774281
003 CZ BrMZK
005 20090609071457.0
007 ta
008 050513s2005 xr ach gr 010 0dcze d
015 |a cnb001500548 
020 |a 80-85991-34-9  |q (váz.) 
035 |a (OCoLC)124086499 
040 |a BOA001  |b cze 
041 0 |a cze  |b eng  |b ger 
043 |a e-xr---  |b e-xr-ol  |2 czenas 
072 7 |a 796  |x Sport. Hry. Tělesná cvičení  |2 Konspekt  |9 20 
080 |a 796.71.093  |2 MRF 
080 |a (048.8)  |2 MRF 
080 |a (082.2)  |2 MRF 
080 |a (084.12)  |2 MRF 
100 1 |a Gomola, Miroslav  |7 jn20010309338  |4 aut 
245 1 0 |a Ecce homo Šternberk :  |b stoletá historie 1905-2005 /  |c Miroslav Gomola 
260 |a V Brně :  |b AGM CZ,  |c 2005 
300 |a 286 s. :  |b il. (některé barev.), portréty, faksim. ;  |c 31 cm 
546 |a Anglické a německé resumé 
611 2 7 |a Ecce homo (automobilový závod)  |7 mzk2005280360  |2 czenas 
650 0 7 |a automobilové závody  |7 ph114106  |z Česko  |2 czenas 
650 0 7 |a automobilové závody  |7 ph114106  |x dějiny  |2 czenas 
655 7 |a přehledy  |7 fd133202  |2 czenas 
655 7 |a jubilejní publikace  |7 fd131839  |2 czenas 
655 7 |a fotografické publikace  |7 fd132276  |2 czenas 
651 7 |a Šternberk (Olomouc, Česko)  |7 ge131548  |2 czenas 
856 4 1 |u https://www.digitalniknihovna.cz/mzk/uuid/uuid:451a09e0-97c6-11e3-8e84-005056827e51  |y Digitalizovaný dokument  |x NDK 
910 |a BOA001  |b 4-1152.374 
990 |a BK 
991 |b 200506  |c NOV 
996 6 |b 2610251461  |c 4-1152.374  |l MZK  |r Sklad / do 1 hodiny  |n 0  |p p.v.  |w 000774281  |u 000010  |a 1  |e BOA001  |j MZK50  |s P